000 01331cam a22003615i 4500
001 21775639
003 ARRUPE
005 20221125122829.0
006 m o d
007 cr |||||||||||
008 201028s2020 enka ob 001 0 eng
010 _a 2019394523
020 _a9781800640979
_q(pdf)
020 _z9781800640962
_q(hbk.)
020 _z9781800640955
_q(pbk.)
028 _bArrupe
040 _aDLC
_beng
_erda
_epn
_cDLC
042 _apcc
050 0 0 _aQA21
100 1 _aKopp, P. E.,
_d1944-
_eauthor.
_951968
245 1 0 _aMaking up Numbers :
_ba history of invention in mathematics /
_cEkkehard Kopp.
300 _a1 online resource (ix, 267 pages) :
_billustrations (some color)
504 _aIncludes bibliographical references (pages 259-260) and index.
650 0 _aMathematics
_xHistory.
_914019
650 0 _aInventions
_xMathematical models.
_951969
710 2 _aOpen Book Publishers,
_ePublisher.
_951970
776 0 8 _iHardback version :
_z9781800640962
776 0 8 _iPaperback version :
_z9781800640955
856 4 0 _uhttps://www.openbookpublishers.com/product/1279
906 _a7
_bcbc
_corignew
_d2
_encip
_f20
_gy-gencatlg
942 _2lcc
_cMONOGRAPH
999 _c131569
_d131569